|
|
แสดงรายละเอียดบรรณานุกรม |
|
|
Brief Record
: Get Marc (ISO 2709)
: E-mail record
: |
|
|
| LEADER 00000nam 2200000uu 4500 | |||
| 008 121111s||||||||th 000 0 tha d | |||
| 020 ^a9786162400308 | |||
| 040 ^abcnkk | |||
| 041 0 ^atha | |||
| 090 ^aนว ป111ก | |||
| 100 0 ^aปุญณิศา | |||
| 245 10 ^aเก็บรักไว้ที่ปลายตะวัน./^bปุญณิศา;^cบรรณาธิการ ธัญวลัย กอบจิตวิวัฒน์ | |||
| 260 ^aกรุงเทพฯ : ^bกรีนมายด์,^c[ม.ป.ป.] | |||
| 300 ^a351 หน้า | |||
| 650 4 ^aนวนิยายไทย | |||
| 700 0 ^aธัญวลัย กอบจิตวิวัฒน์,บรรณาธิการ | |||
| 999 ^aใช้งานได้ทุกระบบ | |||
| คุณยังไม่ได้ล็อกอิน คุณสามารถมีกิจกรรมร่วมกับเว็บไซต์ได้ แต่ต้องล็อกอินก่อน :: |
|
| สถานะ | |||||||||
| 1. | นวนิยาย | นว ป111ก | On Shelf ขอยืม | ||||||
| Note:ปีงบประมาณ 2555 | |||||||||
| 2. | นวนิยาย | นว ป111ก ฉ.2 | On Shelf ขอยืม | ||||||
| Note:ปีงบประมาณ 2555 | |||||||||
| [แสดง 2/2 รายการ] | |||||||||
| รายการใกล้เคียง หัวเรื่อง [นวนิยายไทย] |
BibComment |
| คอมเมนท์ทรัพยากรรายการนี้ |
|
|